[Event "Llinars del Valles op-A 10th"]
[Site "Llinars del Valles"]
[Date "2016.04.02"]
[Round "1"]
[White "Torras Coloma, Pau"]
[Black "Fernandez Gonzalez, Julio Honor"]
[Result "1-0"]
[WhiteElo "1517"]
[BlackElo "1945"]
[PlyCount "87"]
[EventDate "2016.04.02"]
[EventType "swiss"]
[EventRounds "9"]
[EventCountry "ESP"]
[SourceTitle "CBM 172 Extra"]
[Source "ChessBase"]
[SourceDate "2016.06.21"]
[SourceVersion "1"]
[SourceVersionDate "2016.06.21"]
[SourceQuality "1"]

1. d4 Nf6 2. c4 g6 3. Nc3 d5 4. Bf4 Bg7 5. Nf3 0-0 6. e3 c6 7. Be2 Nbd7 8. h3 dxc4 9. Bxc4 Nb6 10. Bb3 Nbd5 11. Bh2 Nxc3 12. bxc3 Qa5 13. Rc1 Ne4 14. 0-0 b6 15. c4 c5 16. Be5 f6 17. dxc5 Nxc5 18. Bc3 Qa6 19. Nd4 Qb7 20. Qe2 a6 21. Rfd1 e5 22. Nc2 Be6 23. Nb4 a5 24. Nd5 Rad8 25. e4 Rf7 26. Bc2 Rfd7 27. Rb1 Bxd5 28. exd5 Qc7 29. Rb5 Rd6 30. Qe3 Ne6 31. Rdb1 Nf4 32. c5 Rxd5 33. Bb3 Qc6 34. Rxb6 Qa8 35. Rd6 R8xd6 36. cxd6 Bf8 37. Bxe5 fxe5 38. Qxe5 g5 39. Qxg5+ Kh8 40. Qxf4 Rb5 41. Qf6+ Bg7 42. Qf7 Rg5 43. g3 Be5 44. d7 1-0

[Event "Llinars del Valles op-A 8th"]
[Site "Llinars del Valles"]
[Date "2014.06.14"]
[Round "7"]
[White "Fernandez Gonzalez, Julio Honor"]
[Black "Ribalta Bertran, Esteve"]
[Result "1-0"]
[WhiteElo "1949"]
[BlackElo "1776"]
[PlyCount "56"]
[EventDate "2014.04.26"]
[EventType "swiss"]
[EventRounds "8"]
[EventCountry "ESP"]
[SourceTitle "EXT 2015"]
[Source "ChessBase"]
[SourceDate "2014.11.20"]
[SourceVersion "1"]
[SourceVersionDate "2014.11.20"]
[SourceQuality "1"]

1. d4 e6 2. c4 d5 3. Nf3 Nf6 4. Nc3 Be7 5. Bf4 0-0 6. e3 a6 7. c5 Ne4 8. Bd3 f5 9. Be5 Bd7 10. h4 g6 11. Qe2 Nc6 12. Bf4 Bf6 13. 0-0-0 b6 14. Bxe4 fxe4 15. Ne5 Nxe5 16. dxe5 Be7 17. f3 exf3 18. gxf3 c6 19. Bg5 Bxg5 20. hxg5 Qxg5 21. f4 Qf5 22. Qh2 Rf7 23. cxb6 Rb8 24. Qh4 Rg7 25. e4 Qf8 26. f5 gxf5 27. Rdg1 Kh8 28. exd5 Rxb6 1-0

[Event "Roncana op 6th"]
[Site "Santa Eulalia de Roncana"]
[Date "2012.11.24"]
[Round "7"]
[White "Fernandez Gonzalez, Julio Honor"]
[Black "Garcia Cano, Antonio"]
[Result "0-1"]
[WhiteElo "2018"]
[BlackElo "2245"]
[PlyCount "74"]
[EventDate "2012.10.06"]
[EventType "swiss"]
[EventRounds "8"]
[EventCountry "ESP"]
[SourceTitle "EXT 2014"]
[Source "ChessBase"]
[SourceDate "2013.11.20"]
[SourceVersion "1"]
[SourceVersionDate "2013.11.20"]
[SourceQuality "1"]

1. c4 Nf6 2. Nc3 e5 3. Nf3 d6 4. g3 g6 5. Bg2 Bg7 6. 0-0 0-0 7. d4 exd4 8. Nxd4 Re8 9. e4 Bg4 10. f3 Bd7 11. Qc2 Nxe4 12. fxe4 Bxd4+ 13. Kh1 Bc6 14. Qd3 Bxc3 15. Qxc3 Qe7 16. Bh6 Qe5 17. Rae1 Qxc3 18. bxc3 Nd7 19. Bf4 Ne5 20. c5 dxc5 21. Rd1 a5 22. Be3 Bb5 23. Rf4 b6 24. h3 Rad8 25. Rd5 Bc4 26. Rxd8 Rxd8 27. Rf2 Re8 28. a3 Bb5 29. Bg5 Bc6 30. Rd2 Nc4 31. Rd8 Nxa3 32. Rxe8+ Bxe8 33. Bd8 Nc4 34. Bxc7 a4 35. Bf1 Nd2 36. Bd3 c4 37. Bf4 a3 0-1

[Event "Roncana op 6th"]
[Site "Santa Eulalia de Roncana"]
[Date "2012.10.06"]
[Round "1"]
[White "Fernandez Gonzalez, Julio Honor"]
[Black "Cama Molina, Daniel"]
[Result "1/2-1/2"]
[WhiteElo "2018"]
[BlackElo "1677"]
[PlyCount "72"]
[EventDate "2012.10.06"]
[EventType "swiss"]
[EventRounds "8"]
[EventCountry "ESP"]
[SourceTitle "EXT 2014"]
[Source "ChessBase"]
[SourceDate "2013.11.20"]
[SourceVersion "1"]
[SourceVersionDate "2013.11.20"]
[SourceQuality "1"]

1. Nf3 f5 2. g3 Nf6 3. d4 e6 4. Bg2 d5 5. c4 c6 6. 0-0 Bd6 7. b3 Qe7 8. Bb2 0-0 9. Qc1 Nbd7 10. Ne5 Qe8 11. Nxd7 Bxd7 12. Ba3 Bxa3 13. Nxa3 Qh5 14. cxd5 exd5 15. Bf3 Ng4 16. Bxg4 fxg4 17. Qc3 Rf6 18. f4 Bf5 19. Nc2 Be4 20. Rf2 Qh3 21. Ne3 Rh6 22. Nf1 Rf8 23. e3 g5 24. Qd2 Rhf6 25. a3 h5 26. Ra2 h4 27. Qe1 hxg3 28. Nxg3 gxf4 29. Rxf4 Rxf4 30. exf4 Rxf4 31. Rf2 Rf3 32. Rxf3 gxf3 33. Qd2 Kh7 34. b4 b5 35. Nf1 Qg4+ 36. Ng3 Qh3 1/2-1/2

[Event "Llinars del Valles Tardor op 3rd"]
[Site "Llinars del Valles"]
[Date "2011.11.11"]
[Round "7"]
[White "Fernandez Gonzalez, Julio Honor"]
[Black "Amores Cano, Victor"]
[Result "0-1"]
[WhiteElo "2043"]
[BlackElo "2037"]
[PlyCount "118"]
[EventDate "2011.09.30"]
[EventType "swiss"]
[EventRounds "9"]
[EventCountry "ESP"]
[SourceTitle "EXT 2013"]
[Source "ChessBase"]
[SourceDate "2012.11.22"]
[SourceVersion "1"]
[SourceVersionDate "2012.11.22"]
[SourceQuality "1"]

1. Nf3 d6 2. b3 e5 3. e4 Nf6 4. Nc3 Be7 5. Bb2 c6 6. a4 Nbd7 7. g3 d5 8. Qe2 0-0 9. Bg2 dxe4 10. Ng5 Qc7 11. Ngxe4 Nxe4 12. Bxe4 f5 13. Bg2 Bf6 14. Qc4+ Kh8 15. Nd5 Qd8 16. Nxf6 Qxf6 17. a5 Qg6 18. 0-0-0 Re8 19. h4 Nf6 20. h5 Nxh5 21. Qe2 Nf6 22. Bxe5 Ne4 23. Rde1 Rxe5 24. d3 Rxa5 25. dxe4 Be6 26. e5 Qg5+ 27. Kb2 Qe7 28. Ra1 Rb5 29. f4 a5 30. Qh5 h6 31. Qg6 Bg8 32. Qd6 Qf7 33. Qd3 a4 34. Bh3 Qe7 35. Qd6 Qf7 36. Qd3 Qe8 37. Bxf5 Bxb3 38. cxb3 Rxb3+ 39. Qxb3 axb3 40. Rxa8 Qxa8 41. Ra1 Qd8 42. Kxb3 Qd5+ 43. Kb2 Qd4+ 44. Kb1 g5 45. Ra8+ Kg7 46. Re8 Qb4+ 47. Ka1 gxf4 48. gxf4 Qxf4 49. Bb1 Kf7 50. Ra8 Qxe5+ 51. Ka2 h5 52. Ra3 h4 53. Bc2 Ke7 54. Rb3 b5 55. Ra3 Qe6+ 56. Bb3 Qe2+ 57. Kb1 h3 58. Ra7+ Kd6 59. Rh7 h2 0-1

[Event "Maresme op 8th"]
[Site "Maresme"]
[Date "2011.10.22"]
[Round "5"]
[White "Fernandez Gonzalez, Julio Honor"]
[Black "Bimbatti Dorante, Gian Carlos"]
[Result "1/2-1/2"]
[WhiteElo "2043"]
[BlackElo "2019"]
[PlyCount "180"]
[EventDate "2011.09.24"]
[EventType "swiss"]
[EventRounds "9"]
[EventCountry "ESP"]
[SourceTitle "EXT 2013"]
[Source "ChessBase"]
[SourceDate "2012.11.22"]
[SourceVersion "1"]
[SourceVersionDate "2012.11.22"]
[SourceQuality "1"]

1. Nf3 d5 2. b3 Nf6 3. Bb2 Bg4 4. e3 Nbd7 5. Be2 a6 6. h3 Bh5 7. Ne5 Bxe2 8. Qxe2 Nxe5 9. Bxe5 Nd7 10. Bb2 e5 11. e4 d4 12. c3 c5 13. 0-0 Bd6 14. d3 0-0 15. cxd4 cxd4 16. Nd2 Rc8 17. Rac1 Qe7 18. Nc4 Bb4 19. f4 b5 20. Nxe5 Nxe5 21. fxe5 Qxe5 22. Rf5 Rxc1+ 23. Bxc1 Qc7 24. Bf4 Qc6 25. Rd5 Re8 26. Qg4 f6 27. Qd7 Qxd7 28. Rxd7 g5 29. Bc7 Rc8 30. Rd8+ Rxd8 31. Bxd8 Kf7 32. Bb6 Bc3 33. g4 Ke6 34. Kf2 Bb2 35. Ke2 Bc3 36. Kd1 Ke5 37. Bc7+ Ke6 38. Bg3 Bb4 39. Kc2 Bc3 40. a3 Ba5 41. h4 gxh4 42. Bxh4 Bc7 43. a4 Bf4 44. Be1 Kf7 45. Kd1 Kg6 46. Ke2 Kg5 47. Kf3 Be5 48. Bd2+ Kg6 49. Kg2 Bd6 50. axb5 axb5 51. Kh3 Be7 52. Bf4 Bb4 53. Bc7 Bd2 54. Kg3 Kf7 55. e5 Ke6 56. exf6 Kxf6 57. Kf3 Be3 58. Bg3 Kg5 59. Be5 Kg6 60. Bc7 Kf6 61. Kg3 Ke6 62. Kh4 Kf6 63. Kh5 Ke6 64. Bd8 Ke5 65. Bc7+ Kf6 66. Bg3 Ke6 67. Kh4 Kf6 68. Bb8 Ke6 69. Kg3 Kd5 70. Bc7 Bd2 71. Bd8 Bb4 72. Kf4 Be1 73. Kf5 Bg3 74. Bg5 Be5 75. Bd2 Bg7 76. Bg5 Be5 77. Be7 Bg3 78. Bf6 Bf2 79. Bg7 Bh4 80. g5 Bg3 81. Bf6 Bd6 82. Bd8 Be5 83. Be7 Bg7 84. Kg4 Ke6 85. Bb4 Ke5 86. Ba5 Kd5 87. Bb6 Be5 88. Kh4 Bg7 89. Bd8 Ke6 90. Bc7 Kf5 1/2-1/2

[Event "Llinars del Valles Tardor op 3rd"]
[Site "Llinars del Valles"]
[Date "2011.10.21"]
[Round "4"]
[White "Ayats Llobera, Gerard"]
[Black "Fernandez Gonzalez, Julio Honor"]
[Result "0-1"]
[WhiteElo "1508"]
[BlackElo "2043"]
[PlyCount "60"]
[EventDate "2011.09.30"]
[EventType "swiss"]
[EventRounds "9"]
[EventCountry "ESP"]
[SourceTitle "EXT 2013"]
[Source "ChessBase"]
[SourceDate "2012.11.22"]
[SourceVersion "1"]
[SourceVersionDate "2012.11.22"]
[SourceQuality "1"]

1. e4 e5 2. Nf3 Nc6 3. Bb5 a6 4. Ba4 d6 5. c3 Bd7 6. 0-0 Nge7 7. d4 Ng6 8. d5 Nb8 9. Bxd7+ Nxd7 10. Nbd2 Nc5 11. Qc2 b5 12. Re1 Be7 13. Nf1 h6 14. Ng3 Bg5 15. Bxg5 hxg5 16. Nf5 g4 17. Nd2 Qg5 18. f3 Nf4 19. g3 Nh3+ 20. Kg2 g6 21. Nh4 Rxh4 22. gxh4 gxf3+ 23. Kxf3 Qf4+ 24. Ke2 Qxh2+ 25. Kd1 Nf2+ 26. Kc1 Nfd3+ 27. Kd1 Nf2+ 28. Ke2 Nfxe4+ 29. Kf3 Qf2+ 30. Kg4 Qf5# 0-1

[Event "Llinars del Valles Tardor op 3rd"]
[Site "Llinars del Valles"]
[Date "2011.10.14"]
[Round "3"]
[White "Fernandez Gonzalez, Julio Honor"]
[Black "Gasol Colomera, Francesc"]
[Result "0-1"]
[WhiteElo "2043"]
[BlackElo "1721"]
[PlyCount "80"]
[EventDate "2011.09.30"]
[EventType "swiss"]
[EventRounds "9"]
[EventCountry "ESP"]
[SourceTitle "EXT 2013"]
[Source "ChessBase"]
[SourceDate "2012.11.22"]
[SourceVersion "1"]
[SourceVersionDate "2012.11.22"]
[SourceQuality "1"]

1. Nf3 Nf6 2. c4 e6 3. Nc3 d5 4. d4 Be7 5. cxd5 exd5 6. Bf4 c6 7. e3 Nbd7 8. Bd3 Nf8 9. Qc2 Ne6 10. Ne5 Bd7 11. Bg3 Rc8 12. 0-0 a6 13. f4 h5 14. f5 Ng5 15. h4 Ngh7 16. e4 Ng4 17. Nxg4 hxg4 18. exd5 Bxh4 19. Rae1+ Kf8 20. Bd6+ Kg8 21. g3 Bf6 22. Be5 Ng5 23. Ne4 Nxe4 24. Bxe4 Bxe5 25. dxc6 Bxd4+ 26. Kg2 Bxc6 27. Bxc6 Rxc6 28. Qe4 Rch6 29. Rh1 Rxh1 30. Rxh1 Rxh1 31. Kxh1 Bxb2 32. Qxg4 Qd5+ 33. Kh2 Qd2+ 34. Kh3 Bf6 35. a4 Qf2 36. Qe4 Qf1+ 37. Kg4 b5 38. Qe8+ Kh7 39. Qxf7 Qc4+ 40. Qxc4 bxc4 0-1

[Event "Llinars del Valles Tardor op 2nd"]
[Site "Llinars del Valles"]
[Date "2010.10.22"]
[Round "6"]
[White "Perez Rodriguez, Joan Antoni"]
[Black "Fernandez Gonzalez, Julio Honor"]
[Result "1-0"]
[WhiteElo "1990"]
[BlackElo "1999"]
[PlyCount "101"]
[EventDate "2010.09.17"]
[EventType "swiss"]
[EventRounds "9"]
[EventCountry "ESP"]
[SourceTitle "EXT 2012"]
[Source "ChessBase"]
[SourceDate "2011.11.24"]
[SourceVersion "1"]
[SourceVersionDate "2011.11.24"]
[SourceQuality "1"]

1. e4 e5 2. Nf3 Nf6 3. Nxe5 d6 4. Nxf7 Kxf7 5. Nc3 Qe8 6. Bc4+ Be6 7. Bxe6+ Qxe6 8. d3 d5 9. 0-0 Bb4 10. exd5 Qg4 11. Qxg4 Nxg4 12. Ne4 Re8 13. Bf4 Nf6 14. Nxf6 gxf6 15. Bxc7 Na6 16. Bf4 Rad8 17. c4 Bd6 18. Be3 b6 19. a3 Nc5 20. Rad1 Nb3 21. d4 f5 22. g3 Re4 23. Rd3 Na5 24. c5 f4 25. gxf4 Bxf4 26. b4 Rg8+ 27. Kh1 Bxh2 28. f4 Nc4 29. Bc1 Bg3 30. Kg2 Re2+ 31. Kf3 Rc2 32. Ke4 Kf6 33. d6 b5 34. Kd5 Bf2 35. Kc6 a6 36. Kc7 Ke6 37. f5+ Kd5 38. d7 Rg7 39. Bf4 Bh4 40. Be5 Rf7 41. Rh3 Be7 42. Rh6 Rf8 43. Rxa6 Bd8+ 44. Kb7 Nxe5 45. dxe5 Kxe5 46. Re6+ Kd5 47. Rd1+ Kc4 48. Re8 Rxf5 49. Rxd8 Rg2 50. c6 Rg6 51. c7 1-0

[Event "Llinars del Valles Tardor op 2nd"]
[Site "Llinars del Valles"]
[Date "2010.10.08"]
[Round "4"]
[White "Molero Tejada, Santiago"]
[Black "Fernandez Gonzalez, Julio Honor"]
[Result "1/2-1/2"]
[WhiteElo "1982"]
[BlackElo "1999"]
[PlyCount "42"]
[EventDate "2010.09.17"]
[EventType "swiss"]
[EventRounds "9"]
[EventCountry "ESP"]
[SourceTitle "EXT 2012"]
[Source "ChessBase"]
[SourceDate "2011.11.24"]
[SourceVersion "1"]
[SourceVersionDate "2011.11.24"]
[SourceQuality "1"]

1. d4 Nf6 2. c4 g6 3. Nc3 d5 4. Bf4 Bg7 5. e3 0-0 6. Rc1 c6 7. Nf3 Qa5 8. Bd3 dxc4 9. Bxc4 b5 10. Bb3 Bb7 11. 0-0 Nbd7 12. Re1 c5 13. dxc5 Nxc5 14. Nd4 Nxb3 15. Qxb3 b4 16. Qa4 Qxa4 17. Nxa4 Nd5 18. Ne2 Nxf4 19. Nxf4 Rac8 20. Rc5 Rxc5 21. Nxc5 Bc6 1/2-1/2

[Event "Llinars del Valles Tardor op 2nd"]
[Site "Llinars del Valles"]
[Date "2010.10.01"]
[Round "3"]
[White "Fernandez Gonzalez, Julio Honor"]
[Black "Lafuente Ruiz, Jose Manuel"]
[Result "1-0"]
[WhiteElo "1999"]
[BlackElo "1690"]
[PlyCount "69"]
[EventDate "2010.09.17"]
[EventType "swiss"]
[EventRounds "9"]
[EventCountry "ESP"]
[SourceTitle "EXT 2012"]
[Source "ChessBase"]
[SourceDate "2011.11.24"]
[SourceVersion "1"]
[SourceVersionDate "2011.11.24"]
[SourceQuality "1"]

1. c4 Nf6 2. Nc3 g6 3. g3 Bg7 4. Bg2 c6 5. e4 e5 6. Nf3 d6 7. d4 exd4 8. Nxd4 0-0 9. 0-0 Nbd7 10. Nc2 Ne5 11. Ne3 Be6 12. Qe2 Qd7 13. f4 Bg4 14. Nxg4 Nexg4 15. h3 Nh6 16. Be3 Kh8 17. Rad1 Qc7 18. g4 Nhg8 19. Qf2 a6 20. c5 dxc5 21. Bxc5 Rfe8 22. e5 Nd7 23. Bd6 Qb6 24. Qxb6 Nxb6 25. Bc5 Nc8 26. Rd7 Nce7 27. g5 b5 28. Rfd1 Bf8 29. Bxe7 Nxe7 30. Ne4 Nd5 31. Rxf7 Kg8 32. Rd7 Be7 33. Nf6+ Bxf6 34. gxf6 Rad8 35. f7+ 1-0

[Event "Llinars del Valles Tardor op 2nd"]
[Site "Llinars del Valles"]
[Date "2010.09.17"]
[Round "1"]
[White "Fernandez Gonzalez, Julio Honor"]
[Black "Las Heras Maestro, Lluis"]
[Result "1-0"]
[WhiteElo "1999"]
[BlackElo "1608"]
[PlyCount "95"]
[EventDate "2010.09.17"]
[EventType "swiss"]
[EventRounds "9"]
[EventCountry "ESP"]
[SourceTitle "EXT 2012"]
[Source "ChessBase"]
[SourceDate "2011.11.24"]
[SourceVersion "1"]
[SourceVersionDate "2011.11.24"]
[SourceQuality "1"]

1. e4 c5 2. Nf3 d6 3. Bb5+ Bd7 4. Bxd7+ Nxd7 5. 0-0 Ngf6 6. Qe2 e5 7. d3 Be7 8. Nc3 0-0 9. a4 a5 10. h3 Nb6 11. Be3 d5 12. exd5 Nbxd5 13. Ne4 Nxe3 14. Nxf6+ Bxf6 15. Qxe3 e4 16. dxe4 Bxb2 17. Rab1 Bd4 18. Qd3 Bf6 19. e5 Qxd3 20. cxd3 Be7 21. Rxb7 Rfe8 22. Rfb1 h6 23. Rd7 Kf8 24. Rb5 Reb8 25. Ra7 Bd8 26. Rxa8 Rxa8 27. Rxc5 Rb8 28. Rc4 Rb3 29. d4 Ke7 30. Kf1 Rb2 31. Ne1 Ke6 32. Rc6+ Kf5 33. g4+ Ke4 34. f3+ Ke3 35. Rc3+ Kd2 36. Rd3+ Kc1 37. f4 Bh4 38. Nf3 Bf2 39. d5 Bc5 40. Rc3+ Rc2 41. Rxc2+ Kxc2 42. Ke2 Kb3 43. Kd3 Bb6 44. d6 Kb4 45. f5 Kc5 46. Ke4 Bd8 47. Nd4 f6 48. Ne6+ 1-0

[Event "Llinars op Tardor Llinars d I"]
[Site "Llinars del Valles"]
[Date "2009.10.16"]
[Round "3.3"]
[White "Fernandez Gonzalez, Julio Honor"]
[Black "Kostelac Montesdeoca, Jose Manu"]
[Result "1-0"]
[WhiteElo "2011"]
[BlackElo "1846"]
[PlyCount "71"]
[EventDate "2009.10.02"]
[EventType "swiss"]
[EventRounds "9"]
[EventCountry "ESP"]
[SourceTitle "EXT 2024"]
[Source "ChessBase"]
[SourceDate "2023.10.10"]
[SourceVersion "1"]
[SourceVersionDate "2023.10.10"]
[SourceQuality "1"]

1. d4 Nf6 2. c4 g6 3. Nc3 Bg7 4. e4 d6 5. Nf3 0-0 6. Be2 e5 7. d5 a5 8. 0-0 Bg4 9. h3 Bxf3 10. Bxf3 Na6 11. Be3 Nc5 12. Qc2 Nfd7 13. Bg4 Nf6 14. g3 Ncxe4 15. Nxe4 Nxe4 16. Qxe4 f5 17. Qf3 fxg4 18. Qxg4 Rf5 19. Kg2 Qf6 20. c5 Rf8 21. cxd6 cxd6 22. Qe2 Rf3 23. Rad1 Qf5 24. Bf4 e4 25. Bxd6 Rd8 26. g4 Qg5 27. Qxe4 Rf7 28. Bg3 Re7 29. Qc4 Kh8 30. Rfe1 Red7 31. d6 h5 32. b3 h4 33. Bf4 Qf6 34. Re6 Qf8 35. Qe4 Rf7 36. Be3 1-0